000
00234nam a2200097Ia 4500
008
230907s9999||||xx |||||||||||||| ||und||
082
_a
621.45
_b
WIN
245
0
_a
Wind turbine control and monitoring /
300
_a
466 p.
942
_c
BK
999
_c
601249
_d
601249